[Event "1st FIDE OWCCCC Pools-East 2021"]
[Site "Online"]
[Date "2021.02.20"]
[Round "6.67"]
[White "Harazha, Maksym"]
[Black "Dudley, Sarah"]
[Result "1-0"]
[WhiteElo "1330"]
[BlackElo "1324"]
[Annotator "NA"]
[PlyCount "65"]
[EventDate "2021.02.19"]
[EventType "team-tourn"]
[EventCountry "NET"]
[SourceTitle "playchess.com"]
[Source "ChessBase"]
[SourceQuality "1"]

1. e4 e5 2. d4 Nc6 3. d5 Nd4 4. Be3 Nf6 5. Nc3 Bb4 6. Bd3 O-O 7. a3 Bxc3+ 8. bxc3 d6 9. cxd4 exd4 10. Bxd4 c6 11. c4 cxd5 12. exd5 Qa5+ 13. Qd2 Qxd2+ 14. Kxd2 Ng4 15. Nf3 Nxf2 16. Bxf2 Bg4 17. Nd4 Rac8 18. Nb5 Rc5 19. Nxd6 Ra5 20. Nxb7 Ra4 21. Rhe1 Bd7 22. Nc5 Re8 23. Rxe8+ Bxe8 24. Nxa4 Bxa4 25. Rb1 g6 26. Bd4 Kf8 27. Rb8+ Be8 28. Bc5+ Kg7 29. Rxe8 a5 30. d6 h5 31. d7 g5 32. d8=Q g4 33. Qg5# 1-0

[Event "1st FIDE OWCCCC Pools-East 2021"]
[Site "Online"]
[Date "2021.02.20"]
[Round "6.67"]
[White "Vyaghrambare, Ritu"]
[Black "Salem, A.R. Saleh"]
[Result "0-1"]
[WhiteElo "889"]
[BlackElo "2682"]
[Annotator "TA"]
[PlyCount "24"]
[EventDate "2021.02.19"]
[EventType "team-tourn"]
[EventCountry "NET"]
[SourceTitle "playchess.com"]
[Source "ChessBase"]
[SourceQuality "1"]

1. e4 e5 2. Bc4 Nc6 3. Qf3 Nf6 4. g4 Bc5 5. g5 d5 6. Bxd5 Nxd5 7. exd5 Nd4 8. Qc3 Qxd5 9. d3 b6 10. Be3 Qxh1 11. Kd2 Qxg1 12. f3 Qg2+ 0-1

[Event "1st FIDE OWCCCC Pools-East 2021"]
[Site "Online"]
[Date "2021.02.20"]
[Round "6.67"]
[White "Al Mukharraq, Fareeda"]
[Black "Srivastava, Puneet"]
[Result "0-1"]
[WhiteElo "350"]
[BlackElo "1489"]
[Annotator "NA"]
[PlyCount "52"]
[EventDate "2021.02.19"]
[EventType "team-tourn"]
[EventCountry "NET"]
[SourceTitle "playchess.com"]
[Source "ChessBase"]
[SourceQuality "1"]

1. g4 Nc6 2. Nf3 d5 3. Ng5 Nf6 4. d4 h6 5. Nf3 Bxg4 6. Nfd2 Nxd4 7. Rg1 Bf5 8. f4 Bxc2 9. Qxc2 Nxc2+ 10. Kd1 Nxa1 11. Bh3 e6 12. b3 Qd6 13. Rf1 Qc5 14. Bb2 Qc2+ 15. Ke1 Qxb2 16. Nc4 Qxb1+ 17. Kf2 Ne4+ 18. Kf3 Qxa2 19. b4 Qxc4 20. Kg4 f5+ 21. Kf3 Nd2+ 22. Kf2 Nxf1 23. Kxf1 Qxf4+ 24. Ke1 Nc2+ 25. Kd1 Ne3+ 26. Ke1 Bxb4# 0-1

[Event "1st FIDE OWCCCC Pools-East 2021"]
[Site "Online"]
[Date "2021.02.20"]
[Round "6.68"]
[White "Domokos, Istvan"]
[Black "Kanyamarala, Tarun"]
[Result "1-0"]
[WhiteElo "1352"]
[BlackElo "2369"]
[Annotator "ChessBase"]
[PlyCount "135"]
[EventDate "2021.02.19"]
[EventType "team-tourn"]
[EventCountry "NET"]
[SourceTitle "playchess.com"]
[Source "ChessBase"]
[SourceQuality "1"]

1. b4 e5 2. Bb2 d6 3. e3 Nf6 4. Nf3 Bg4 5. Be2 Be7 6. h3 Bf5 7. d4 e4 8. Nfd2 d5 9. a3 O-O 10. c4 Be6 11. O-O c6 12. c5 b6 13. cxb6 axb6 14. f3 Bxb4 15. axb4 Rxa1 16. Bxa1 b5 17. Nc3 Nbd7 18. fxe4 Nxe4 19. Ndxe4 dxe4 20. Nxe4 f5 21. Nc5 Bd5 22. Bf3 Nf6 23. Qd3 g6 24. Nb7 Qc7 25. Nc5 Bc4 26. Qd1 Bxf1 27. Ne6 Qg3 28. Nxf8 Kxf8 29. Qxf1 Nd5 30. Bxd5 cxd5 31. Qf3 Qe1+ 32. Qf1 Qxe3+ 33. Kh2 Qb3 34. Qf3 Qxb4 35. Qxd5 Qa5 36. Qc5+ Kg7 37. Qe7+ Kh6 38. Qe3+ Kg7 39. Qc3 Qd8 40. d5+ Kf7 41. Qf6+ Ke8 42. Qxd8+ Kxd8 43. Kg3 Kd7 44. Kf4 Kd6 45. g4 Kxd5 46. gxf5 gxf5 47. Kxf5 b4 48. Kf6 Kc4 49. h4 b3 50. h5 Kd3 51. Kg7 Kc2 52. Kxh7 Kb1 53. Be5 Kc2 54. Kg6 b2 55. Bxb2 Kxb2 56. h6 Kc3 57. h7 Kd4 58. h8=Q+ Ke4 59. Qf6 Kd5 60. Kf5 Kc4 61. Qd6 Kc3 62. Qd5 Kc2 63. Ke4 Kc3 64. Ke3 Kb4 65. Kd3 Ka3 66. Kc3 Ka4 67. Qc4+ Ka3 68. Qb3# 1-0

[Event "1st FIDE OWCCCC Pools-East 2021"]
[Site "Online"]
[Date "2021.02.20"]
[Round "6.68"]
[White "Garg, Richa"]
[Black "Ali, Abu Khalil"]
[Result "0-1"]
[WhiteElo "653"]
[BlackElo "1801"]
[Annotator "NA"]
[PlyCount "48"]
[EventDate "2021.02.19"]
[EventType "team-tourn"]
[EventCountry "NET"]
[SourceTitle "playchess.com"]
[Source "ChessBase"]
[SourceQuality "1"]

1. d4 d5 2. Nc3 Nf6 3. e3 e6 4. b4 Nc6 5. b5 Na5 6. Rb1 b6 7. Nf3 h6 8. Ne5 Bd7 9. Bd2 Bd6 10. Bd3 O-O 11. O-O c6 12. bxc6 Nxc6 13. Na4 Nxe5 14. dxe5 Bxe5 15. Rb4 a5 16. Rxb6 Bxa4 17. Bb4 Qxb6 18. Bxf8 Kxf8 19. Qb1 Qxb1 20. Rxb1 Ne4 21. f3 Nc3 22. Re1 Rb8 23. f4 Bd6 24. f5 Rb1 0-1

[Event "1st FIDE OWCCCC Pools-East 2021"]
[Site "Online"]
[Date "2021.02.20"]
[Round "6.69"]
[White "Nachiket, Paturkar"]
[Black "Zaa, Jose"]
[Result "1-0"]
[WhiteElo "2050"]
[BlackElo "755"]
[Annotator "NA"]
[PlyCount "51"]
[EventDate "2021.02.19"]
[EventType "team-tourn"]
[EventCountry "NET"]
[SourceTitle "playchess.com"]
[Source "ChessBase"]
[SourceQuality "1"]

1. e4 e5 2. Nf3 Nc6 3. Bb5 a6 4. Ba4 b5 5. Bb3 Nf6 6. O-O Bc5 7. Re1 O-O 8. c3 Ng4 9. d4 exd4 10. cxd4 Qh4 11. Nxh4 Nxd4 12. Qxg4 d6 13. Qd1 Re8 14. Nc3 Bb7 15. Nd5 Bxd5 16. Bxd5 Bb4 17. Re3 Rac8 18. Qxd4 c6 19. Nf5 Re5 20. Qxb4 cxd5 21. Qxd6 h6 22. Qxe5 Kf8 23. Qxg7+ Ke8 24. exd5+ Kd8 25. Qxf7 Rc7 26. Re8# 1-0

[Event "1st FIDE OWCCCC Pools-East 2021"]
[Site "Online"]
[Date "2021.02.20"]
[Round "6.69"]
[White "Bangalore Seshadri, Keshavaprasad"]
[Black "Shahriari, Navid"]
[Result "1-0"]
[WhiteElo "1087"]
[BlackElo "692"]
[Annotator "NA"]
[PlyCount "89"]
[EventDate "2021.02.19"]
[EventType "team-tourn"]
[EventCountry "NET"]
[SourceTitle "playchess.com"]
[Source "ChessBase"]
[SourceQuality "1"]

1. e4 e5 2. Nf3 Nf6 3. d4 Nxe4 4. Nxe5 Bb4+ 5. Nd2 f6 6. Nef3 b6 7. Qe2 d5 8. a3 Bd6 9. Nxe4 dxe4 10. Qxe4+ Be6 11. Qxa8 c5 12. Bb5+ Bd7 13. Bxd7+ Kxd7 14. Qxa7+ Qc7 15. Qxc7+ Bxc7 16. dxc5 bxc5 17. O-O Re8 18. Rd1+ Kc8 19. Be3 c4 20. b3 cxb3 21. cxb3 Nc6 22. Rdc1 Na5 23. Rc3 g6 24. Bf4 g5 25. Bxc7 Kb7 26. Bxa5 g4 27. Nd4 Ka6 28. Bb4 h5 29. Rc6+ Kb7 30. Rxf6 Re4 31. Nf5 Re5 32. f3 g3 33. hxg3 Re3 34. Rh6 Rxb3 35. Rxh5 Ka6 36. g4 Rd3 37. g5 Rd7 38. g6 Rd8 39. g7 Kb5 40. Rh8 Rd5 41. g8=Q Rxf5 42. Qb8+ Kc4 43. Rc1+ Kd3 44. Rd8+ Ke2 45. Re1# 1-0

[Event "1st FIDE OWCCCC Pools-East 2021"]
[Site "Online"]
[Date "2021.02.20"]
[Round "6.70"]
[White "Thakar, Mitulkumar"]
[Black "Patil, Amit"]
[Result "0-1"]
[WhiteElo "1348"]
[BlackElo "1873"]
[Annotator "NA"]
[PlyCount "70"]
[EventDate "2021.02.19"]
[EventType "team-tourn"]
[EventCountry "NET"]
[SourceTitle "playchess.com"]
[Source "ChessBase"]
[SourceQuality "1"]

1. e4 c5 2. Nf3 e6 3. Bc4 Be7 4. O-O Nf6 5. d3 O-O 6. e5 Nd5 7. d4 cxd4 8. Qxd4 Nc6 9. Qd1 Qc7 10. Re1 Nb6 11. Bd3 Nb4 12. Bf4 Nxd3 13. cxd3 Nd5 14. Bg3 d6 15. exd6 Bxd6 16. Bxd6 Qxd6 17. Nbd2 b6 18. Ne4 Qe7 19. Ne5 Bb7 20. Qh5 Nf6 21. Nxf6+ Qxf6 22. Nd7 Qxb2 23. Nxf8 Rxf8 24. f3 Qa3 25. d4 h6 26. Qe5 Qe7 27. d5 Qc5+ 28. Kh1 Bxd5 29. Rac1 Qa5 30. f4 Qxa2 31. Re2 Qa3 32. Ra1 Qe7 33. f5 Qc5 34. fxe6 fxe6 35. Rxa7 Rf1# 0-1

[Event "1st FIDE OWCCCC Pools-East 2021"]
[Site "Online"]
[Date "2021.02.20"]
[Round "6.70"]
[White "Coronel, Eddymar"]
[Black "Giri, Ganesh"]
[Result "0-1"]
[WhiteElo "1307"]
[BlackElo "1364"]
[Annotator "NA"]
[PlyCount "40"]
[EventDate "2021.02.19"]
[EventType "team-tourn"]
[EventCountry "NET"]
[SourceTitle "playchess.com"]
[Source "ChessBase"]
[SourceQuality "1"]

1. e4 c5 2. Nf3 Nc6 3. Bc4 e6 4. Nc3 Nf6 5. d3 Be7 6. O-O d5 7. exd5 exd5 8. Nxd5 Nxd5 9. Bxd5 Qxd5 10. c4 Qh5 11. h3 O-O 12. Re1 Bd6 13. a3 Be6 14. Rb1 Rad8 15. b4 Bxc4 16. bxc5 Bxc5 17. Rxb7 Bb6 18. Qa4 Bb5 19. Qc2 Rxd3 20. Ng5 Nd4 0-1

[Event "1st FIDE OWCCCC Pools-East 2021"]
[Site "Online"]
[Date "2021.02.20"]
[Round "6.70"]
[White "Fedjajevs, Andrejs"]
[Black "Rishabh Jain"]
[Result "0-1"]
[WhiteElo "846"]
[BlackElo "1771"]
[Annotator "NA"]
[PlyCount "68"]
[EventDate "2021.02.19"]
[EventType "team-tourn"]
[EventCountry "NET"]
[SourceTitle "playchess.com"]
[Source "ChessBase"]
[SourceQuality "1"]

1. e4 c5 2. f4 Nc6 3. c4 Nf6 4. e5 Ng8 5. Nc3 b6 6. d3 e6 7. Nf3 Nge7 8. g4 g6 9. h3 Bg7 10. Be3 Bb7 11. Bg2 d5 12. cxd5 exd5 13. d4 cxd4 14. Nxd4 Nxd4 15. Qxd4 O-O 16. O-O-O Rc8 17. Bxd5 Nxd5 18. Kb1 Nxc3+ 19. bxc3 Qxd4 20. Bxd4 Bxh1 21. Rxh1 f6 22. f5 fxe5 23. Bxe5 Bxe5 24. fxg6 Rxc3 25. Rc1 Rxc1+ 26. Kxc1 hxg6 27. g5 Rf2 28. h4 Rxa2 29. Kb1 Rh2 30. Kc1 a5 31. Kd1 a4 32. Kc1 a3 33. Kb1 a2+ 34. Kc1 a1=Q# 0-1

[Event "1st FIDE OWCCCC Pools-East 2021"]
[Site "Online"]
[Date "2021.02.20"]
[Round "6.71"]
[White "Sharma, Nishtha"]
[Black "Hermeling, Evelien"]
[Result "1-0"]
[WhiteElo "592"]
[BlackElo "736"]
[Annotator "NA"]
[PlyCount "45"]
[EventDate "2021.02.19"]
[EventType "team-tourn"]
[EventCountry "NET"]
[SourceTitle "playchess.com"]
[Source "ChessBase"]
[SourceQuality "1"]

1. e4 e5 2. Nf3 Nc6 3. Nc3 Bc5 4. Bc4 d6 5. h3 Nf6 6. d3 Bb4 7. Bg5 Be6 8. O-O d5 9. exd5 Bxd5 10. Nxd5 Nxd5 11. Bxd8 Kxd8 12. Bxd5 Bc5 13. Qe2 f6 14. d4 exd4 15. Rad1 Re8 16. Qb5 Re2 17. Qxe2 b6 18. Bxc6 Bd6 19. Bxa8 c5 20. Rfe1 Kd7 21. Qb5+ Kc7 22. Qc6+ Kd8 23. Re8# 1-0

[Event "1st FIDE OWCCCC Pools-East 2021"]
[Site "Online"]
[Date "2021.02.20"]
[Round "6.71"]
[White "Shrimal, Khushbu"]
[Black "Villegas, Juan Carlos"]
[Result "0-1"]
[WhiteElo "142"]
[BlackElo "2070"]
[Annotator "NA"]
[PlyCount "62"]
[EventDate "2021.02.19"]
[EventType "team-tourn"]
[EventCountry "NET"]
[SourceTitle "playchess.com"]
[Source "ChessBase"]
[SourceQuality "1"]

1. e4 e5 2. g3 Nf6 3. f3 Nc6 4. Ne2 d5 5. c3 dxe4 6. fxe4 Nxe4 7. d3 Nf6 8. h4 e4 9. dxe4 Qxd1+ 10. Kxd1 Bg4 11. e5 O-O-O+ 12. Ke1 Ne4 13. Nd2 Bxe2 14. Bxe2 Nxg3 15. Rg1 Nf5 16. h5 h6 17. Rf1 g6 18. Rg1 Ne3 19. Rg3 Nc2+ 20. Kd1 Nxa1 21. Rf3 Nxe5 22. Re3 Bg7 23. Rf3 Nxf3 24. Bxf3 Rhe8 25. hxg6 fxg6 26. b4 g5 27. Bb2 Be5 28. Bxa1 Bf4 29. b5 Rxd2+ 30. Kc1 Re1+ 31. Bd1 Rexd1# 0-1

[Event "1st FIDE OWCCCC Pools-East 2021"]
[Site "Online"]
[Date "2021.02.20"]
[Round "6.72"]
[White "Garcia, Eugenio V"]
[Black "tkl3chk"]
[Result "0-1"]
[WhiteElo "1994"]
[BlackElo "817"]
[Annotator "NA"]
[PlyCount "40"]
[EventDate "2021.02.19"]
[EventType "team-tourn"]
[EventCountry "NET"]
[SourceTitle "playchess.com"]
[Source "ChessBase"]
[SourceQuality "1"]

1. d4 e6 2. c3 b6 3. Nf3 Ba6 4. Nbd2 Qf6 5. b3 h6 6. Bb2 g5 7. e3 Bxf1 8. Rxf1 g4 9. g3 gxf3 10. Nc4 Qf5 11. Qd2 Qh3 12. Rh1 Qg2 13. Rf1 Qxh2 14. Nd6+ cxd6 15. Ba3 Nf6 16. c4 Ne4 17. Qd3 Nxf2 18. Rxf2 Qxg3 19. Kf1 Rg8 20. Qe4 Qg1# 0-1

[Event "1st FIDE OWCCCC Pools-East 2021"]
[Site "Online"]
[Date "2021.02.20"]
[Round "6.72"]
[White "Meroni, Alessio"]
[Black "Jain, Pushkar"]
[Result "1-0"]
[WhiteElo "673"]
[BlackElo "846"]
[Annotator "NA"]
[PlyCount "105"]
[EventDate "2021.02.19"]
[EventType "team-tourn"]
[EventCountry "NET"]
[SourceTitle "playchess.com"]
[Source "ChessBase"]
[SourceQuality "1"]

1. d4 d5 2. Nc3 Nc6 3. Bf4 Nf6 4. e3 Bf5 5. a3 e6 6. Bb5 a6 7. Bxc6+ bxc6 8. Nf3 Ne4 9. Qe2 h6 10. O-O-O g5 11. Bg3 Bg4 12. h3 Bxf3 13. gxf3 Nxc3 14. bxc3 Qb8 15. Kd2 Qb2 16. Rb1 Qxa3 17. Bxc7 Bg7 18. Ra1 Qe7 19. Bg3 O-O 20. Rhb1 Rab8 21. Bxb8 h5 22. Rxa6 Qd7 23. f4 g4 24. hxg4 h4 25. g5 h3 26. Rh1 e5 27. Bxe5 Qb7 28. Raa1 Bxe5 29. fxe5 Qd7 30. Rxh3 Qxh3 31. Ra6 Qf5 32. f4 Qc8 33. Rb6 Qc7 34. Rb1 Rb8 35. Rh1 Kf8 36. Qh5 Ke7 37. e6 Kxe6 38. Qh6+ Kf5 39. g6 fxg6 40. Kd3 c5 41. Qg5+ Ke6 42. Qxg6+ Kd7 43. f5 c4+ 44. Kd2 Re8 45. Rh7+ Kd8 46. Rxc7 Kxc7 47. Qxe8 Kb7 48. f6 Kc7 49. Qe6 Kb7 50. f7 Kc7 51. f8=Q Kb7 52. Qff7+ Kb8 53. Qee8# 1-0

[Event "1st FIDE OWCCCC Pools-East 2021"]
[Site "Online"]
[Date "2021.02.20"]
[Round "6.73"]
[White "Kashin, Maxim"]
[Black "Callagher, Liam"]
[Result "1-0"]
[WhiteElo "1617"]
[BlackElo "868"]
[Annotator "NA"]
[PlyCount "61"]
[EventDate "2021.02.19"]
[EventType "team-tourn"]
[EventCountry "NET"]
[SourceTitle "playchess.com"]
[Source "ChessBase"]
[SourceQuality "1"]

1. e4 e5 2. f4 Nc6 3. Nf3 Bc5 4. fxe5 Nxe5 5. d4 Nxf3+ 6. Qxf3 Bxd4 7. Bc4 Qf6 8. c3 Bc5 9. Bf4 d6 10. Nd2 Be6 11. Bb5+ c6 12. Bd3 b5 13. e5 Qd8 14. exd6 Bxd6 15. Qxc6+ Kf8 16. Qxd6+ Qxd6 17. Bxd6+ Ke8 18. Bxb5+ Kd8 19. O-O-O Nf6 20. h3 Rc8 21. Bg3 Bxa2 22. Bh4 Ke7 23. Rhe1+ Kd6 24. Ne4+ Ke5 25. Nxf6+ Kf5 26. Bd7+ Kg6 27. Bxc8 Rxc8 28. Ng4 Kh5 29. g3 Be6 30. Re5+ Kg6 31. Rg5# 1-0

[Event "1st FIDE OWCCCC Pools-East 2021"]
[Site "Online"]
[Date "2021.02.20"]
[Round "6.74"]
[White "Metwally, Moemem"]
[Black "Laczo, Tibor"]
[Result "0-1"]
[WhiteElo "917"]
[BlackElo "1550"]
[Annotator "NA"]
[PlyCount "52"]
[EventDate "2021.02.19"]
[EventType "team-tourn"]
[EventCountry "NET"]
[SourceTitle "playchess.com"]
[Source "ChessBase"]
[SourceQuality "1"]

1. d4 d5 2. f4 Bf5 3. Nf3 Nf6 4. b3 e6 5. c4 Nbd7 6. Nc3 Bb4 7. Qd2 Ne4 8. Qe3 Bxc3+ 9. Qxc3 Nxc3 10. Bd2 Ne4 11. Ne5 Nxe5 12. dxe5 Nxd2 13. Kxd2 dxc4+ 14. Kc3 O-O 15. e3 cxb3 16. axb3 Qe7 17. Bc4 a6 18. h3 b5 19. Bd3 Qc5+ 20. Kd2 Rfd8 21. Rac1 Rxd3+ 22. Ke2 Qxe3+ 23. Kf1 Qxc1+ 24. Kf2 Qxh1 25. g4 Qf3+ 26. Ke1 Rd1# 0-1

[Event "1st FIDE OWCCCC Pools-East 2021"]
[Site "Online"]
[Date "2021.02.20"]
[Round "6.75"]
[White "Klimt Alaman, F.xavier"]
[Black "Mezahi, Widad"]
[Result "1-0"]
[WhiteElo "1741"]
[BlackElo "548"]
[Annotator "NA"]
[PlyCount "51"]
[EventDate "2021.02.19"]
[EventType "team-tourn"]
[EventCountry "NET"]
[SourceTitle "playchess.com"]
[Source "ChessBase"]
[SourceQuality "1"]

1. d4 e6 2. Bf4 Nf6 3. Nf3 Be7 4. e3 O-O 5. Nbd2 Nc6 6. Bd3 d5 7. a3 a6 8. h3 h6 9. g4 b5 10. Rg1 g5 11. Nxg5 hxg5 12. Bxg5 e5 13. Qf3 e4 14. Nxe4 dxe4 15. Bxe4 Nxe4 16. Qxe4 Bxg5 17. Qxc6 Bd7 18. Qh1 f5 19. O-O-O f4 20. exf4 Bxf4+ 21. Kb1 Bf5 22. gxf5+ Kf7 23. Rg4 Ke7 24. Rxf4 c6 25. Qxc6 Rc8 26. Qe6# 1-0

[Event "1st FIDE OWCCCC Pools-East 2021"]
[Site "Online"]
[Date "2021.02.20"]
[Round "6.75"]
[White "Fuss, Philippe"]
[Black "Auti, Sonu"]
[Result "1-0"]
[WhiteElo "1080"]
[BlackElo "467"]
[Annotator "NA"]
[PlyCount "21"]
[EventDate "2021.02.19"]
[EventType "team-tourn"]
[EventCountry "NET"]
[SourceTitle "playchess.com"]
[Source "ChessBase"]
[SourceQuality "1"]

1. e4 e6 2. Nf3 Nf6 3. e5 Nh5 4. d4 Bb4+ 5. Nc3 Ba5 6. Bd2 O-O 7. Bc4 Nc6 8. O-O Bb6 9. Ng5 Nxd4 10. Qxh5 Nxc2 11. Qxh7# 1-0

[Event "1st FIDE OWCCCC Pools-East 2021"]
[Site "Online"]
[Date "2021.02.20"]
[Round "6.76"]
[White "Mills, Thomas"]
[Black "hazeltree-firsova"]
[Result "1-0"]
[WhiteElo "836"]
[BlackElo "721"]
[Annotator "NA"]
[PlyCount "59"]
[EventDate "2021.02.19"]
[EventType "team-tourn"]
[EventCountry "NET"]
[SourceTitle "playchess.com"]
[Source "ChessBase"]
[SourceQuality "1"]

1. e4 e5 2. Bc4 a6 3. Qf3 Qe7 4. d4 d6 5. d5 Nh6 6. Be3 g5 7. Nh3 f6 8. O-O b5 9. Bb3 Bg4 10. Qg3 c6 11. Nc3 cxd5 12. Nxd5 Qd7 13. Nxf6+ Ke7 14. Nxd7 Kxd7 15. Rae1 Nc6 16. Nxg5 Rg8 17. Nxh7 Bg7 18. Nf6+ Ke7 19. Nxg8+ Nxg8 20. Bxg8 Rxg8 21. Qxg4 a5 22. Qh4+ Kf7 23. Rd1 Bf8 24. Qh7+ Rg7 25. Qh5+ Kg8 26. c4 Rh7 27. Qg4+ Bg7 28. cxb5 Nb4 29. Rxd6 Kf7 30. Qd7+ 1-0

[Event "1st FIDE OWCCCC Pools-East 2021"]
[Site "Online"]
[Date "2021.02.20"]
[Round "6.76"]
[White "touchmove"]
[Black "Ricome, Juliette"]
[Result "0-1"]
[WhiteElo "517"]
[BlackElo "1137"]
[Annotator "NA"]
[PlyCount "60"]
[EventDate "2021.02.19"]
[EventType "team-tourn"]
[EventCountry "NET"]
[SourceTitle "playchess.com"]
[Source "ChessBase"]
[SourceQuality "1"]

1. e4 e5 2. Qf3 Nc6 3. Bc4 Nh6 4. d3 d6 5. Bxh6 Be6 6. Be3 d5 7. Bb3 Bb4+ 8. Nc3 d4 9. a3 Ba5 10. Nh3 dxc3 11. O-O cxb2 12. Rab1 O-O 13. Rxb2 Qf6 14. Qxf6 gxf6 15. Nf4 exf4 16. Bxf4 Nd4 17. Re1 Bxb3 18. c3 Bxc3 19. Rc1 Bxb2 20. Rxc7 Ne2+ 21. Kf1 Nxf4 22. Rxb7 Rab8 23. Rxa7 Rfc8 24. f3 Rc1+ 25. Kf2 Be5 26. g3 Nxd3+ 27. Ke3 Rd1 28. a4 Bc4 29. f4 Re1+ 30. Kd2 Rb2# 0-1

[Event "1st FIDE OWCCCC Pools-East 2021"]
[Site "Online"]
[Date "2021.02.20"]
[Round "6.77"]
[White "Bashkirov, Igor"]
[Black "Fernandes, Gervano"]
[Result "0-1"]
[WhiteElo "1466"]
[BlackElo "1324"]
[Annotator "NA"]
[PlyCount "56"]
[EventDate "2021.02.19"]
[EventType "team-tourn"]
[EventCountry "NET"]
[SourceTitle "playchess.com"]
[Source "ChessBase"]
[SourceQuality "1"]

1. e4 c5 2. Nf3 Nc6 3. Bb5 a6 4. Bc4 e6 5. d4 d5 6. exd5 exd5 7. Be2 cxd4 8. Nxd4 g6 9. O-O Bg7 10. Be3 Nge7 11. c3 b5 12. Nxc6 Nxc6 13. Bc5 Ne7 14. Bf3 Bb7 15. Re1 Bf6 16. Bxd5 Bxd5 17. b3 Be6 18. Bd4 Nd5 19. Nd2 Nxc3 20. Bxc3 Bxc3 21. Rb1 Bxd2 22. Re2 Ba5 23. Qc1 O-O 24. a3 Rc8 25. Qb2 Bc3 26. Qa2 Re8 27. Rc2 Qe7 28. a4 Bxb3 0-1

[Event "1st FIDE OWCCCC Pools-East 2021"]
[Site "Online"]
[Date "2021.02.20"]
[Round "6.78"]
[White "Soham Naik"]
[Black "Kucherov, Pavel"]
[Result "0-1"]
[WhiteElo "1292"]
[BlackElo "1686"]
[Annotator "NA"]
[PlyCount "48"]
[EventDate "2021.02.19"]
[EventType "team-tourn"]
[EventCountry "NET"]
[SourceTitle "playchess.com"]
[Source "ChessBase"]
[SourceQuality "1"]

1. e4 e5 2. Nf3 Nc6 3. Bc4 Bc5 4. Nc3 Nf6 5. d3 d6 6. h3 h6 7. O-O O-O 8. Be3 Bb6 9. Qe2 Na5 10. Bb3 Nxb3 11. axb3 Nh7 12. Bxb6 cxb6 13. Nd5 Be6 14. Nc3 f5 15. exf5 Rxf5 16. Qe1 Ng5 17. Nh2 Rf6 18. Qe3 Rg6 19. Kh1 Qf6 20. Rae1 Rf8 21. Nf3 Nxf3 22. Qxf3 Qxf3 23. gxf3 Rxf3 24. Rg1 Rxh3# 0-1

[Event "1st FIDE OWCCCC Pools-East 2021"]
[Site "Online"]
[Date "2021.02.20"]
[Round "6.79"]
[White "Zhuravlev, Ilya"]
[Black "aneetasarkaar"]
[Result "1-0"]
[WhiteElo "1142"]
[BlackElo "158"]
[Annotator "NA"]
[PlyCount "65"]
[EventDate "2021.02.19"]
[EventType "team-tourn"]
[EventCountry "NET"]
[SourceTitle "playchess.com"]
[Source "ChessBase"]
[SourceQuality "1"]

1. e4 c5 2. Nf3 Qa5 3. Nc3 b6 4. Nd5 Nc6 5. Nc7+ Kd8 6. Nxa8 d6 7. Ng5 f6 8. Nf7+ Ke8 9. Nxh8 Nd4 10. Nc7+ Kd8 11. Nd5 g6 12. Bd3 c4 13. Bxc4 Qa4 14. b3 Qa5 15. O-O e6 16. Ne3 Qg5 17. c3 Nc6 18. d3 Bh6 19. Nf7+ Ke8 20. Nxg5 Bxg5 21. Qg4 Bh6 22. Bxe6 Bxe6 23. Qxe6+ Kd8 24. Qxg8+ Kd7 25. Qxh7+ Kd8 26. Qxh6 Ne7 27. Qh8+ Kd7 28. Qxf6 b5 29. Nd5 Nxd5 30. exd5 a6 31. Re1 g5 32. Re7+ Kc8 33. Qf8# 1-0